| 000 | 00566nam a2200169 i 4500 | ||
|---|---|---|---|
| 001 | 78912 | ||
| 003 | ES-MaACL | ||
| 007 | t| | ||
| 008 | 041018s1904 xxk ||||1| eng d | ||
| 100 | 1 |
_aHelps, Arthur. _962476 |
|
| 245 | 1 | 4 |
_aThe spanish conquest in America / _cby Arthur Helps ; a new edition edited with an introduction, maps and notes by M. Oppenheim. |
| 260 |
_aLondon : _b[s.n.], _c1904 ( _eEdinburgh : _fThe Riverside Press Limited) |
||
| 300 |
_a1 v. ; _c20 cm. |
||
| 500 | _aEs el vol. 4. | ||
| 700 | 1 |
_aOppenheim, M. _987133 |
|
| 852 |
_aES-MaACL _jG-14245 |
||
| 999 |
_c78912 _d78912 |
||